Dosahy globálnej finančnej krízy na ekonomiku USA diplomová práca
Guardado en:
| Autor principal: | |
|---|---|
| Autor Corporativo: | |
| Otros Autores: | |
| Formato: | Libro |
| Lenguaje: | eslovaco |
| Publicado: |
Bratislava
2010
|
| Etiquetas: |
Sin Etiquetas, Sea el primero en etiquetar este registro!
|
MARC
| LEADER | 00000nam a2200000 4500 | ||
|---|---|---|---|
| 001 | 0120017 | ||
| 005 | 20240318121957.7 | ||
| 041 | 0 | |a slo | |
| 044 | |a SK | ||
| 245 | 1 | 0 | |a Dosahy globálnej finančnej krízy na ekonomiku USA |b diplomová práca |c Iveta Jasemová ; škol. Igor Kosír |
| 264 | 1 | |a Bratislava |c 2010 | |
| 300 | |a 88 s. | ||
| 100 | 1 | |a Jasemová, Iveta | |
| 700 | 1 | |a Kosír, Igor | |
| 710 | 2 | |a Obchodná fakulta EU. Katedra medzinárodného obchodu | |